Score 0/32 Timer 02:00
0 Plays Today
Title Word % Correct
The Wizard of _____Oz
95.7%
School of _____Rock
92.2%
The Sound of _____Music
89.9%
Indiana Jones and the Temple of _____Doom
89.2%
Cloudy with a Chance of _____Meatballs
89%
The Pursuit of _____Happyness
87%
Harry Potter And The Chamber of _____Secrets
86.9%
The Grapes of _____Wrath
85.6%
Chariots of _____Fire
83.7%
Born on the Fourth of _____July
83.5%
Lawrence of _____Arabia
81.7%
Quantum of _____Solace
81.1%
Prince of Persia: The Sands of _____Time
79.7%
(500) Days of _____Summer
69.6%
Field of _____Dreams
68.9%
Austin Powers: International Man of _____Mystery
68.7%
Title Word % Correct
Bride of _____Frankenstein
66.7%
The Last King of _____Scotland
52%
The Mask of _____Zorro
51.7%
Children of _____Men
45%
Days of _____Thunder
42.4%
30 Days of _____Night
42.3%
Werewolf of _____London
38.9%
Borat: Cultural Learnings of America for Make Benefit Glorious Nation of _____Kazakhstan
38.8%
Life of _____Brian
38.7%
Out of _____Africa
35.9%
State of _____Play
26.7%
Paths of _____Glory
21.9%
Army of _____ Darkness
21%
A History of _____Violence
20.8%
Anatomy of a _____Murder
20%
Touch of _____Evil
8.7%

Today's Daily Dose

Remove Ads.
Support Sporcle.
Get the best of Sporcle when you Go Orange. This ad-free experience offers more features, more stats, and more fun while also helping to support Sporcle. Thank you for becoming a member.

You're not logged in!

Compare scores with friends on all Sporcle quizzes.
OR
Log In

Show Comments

Extras

Top Quizzes Today


Score Distribution

Your Account Isn't Verified!

In order to create a playlist on Sporcle, you need to verify the email address you used during registration. Go to your Sporcle Settings to finish the process.

Report this User

Report this user for behavior that violates our Community Guidelines.

Details: